00952 a2200205 4500003000500000005001700005010001600022020001500038040000900053082001600062100002100078245007300099260004400172300002900216505033600245650005300581650005000634650003400684700002800718Nust20221209105739.0 a 93016385 a0240513339 cNust00a621.382,RUM1 aRumsey, Francis.14aThe digital interface handbook /cFrancis Rumsey and John Watkinson. aOxford ;aBoston :bFocal Press,c1993. a220 p. :bill. ;c24 cm. aIntroduction to Interfacing (Page-1), Introduction to Digital Audio and Video (Page-20), Digital Transmission (Page-57), Digital Audio Interfaing 1 (Page-89), Digital Audio Interfaing 2 (Page-126), Synchronization in Digital Audio Interfacing (Page-142), Practical Audio Interfacing (Page-162), Digital Video Interfacing (Page-179) 0aDigital communicationsxHandbooks, manuals, etc. 0aDigital electronicsxHandbooks, manuals, etc. 0aTelecommunication Engineering1 aWatkinson, John,d1950-